Normal view
MARC view
- Janjua, Osama Maqsood
Entry Personal Name
001 - CONTROL NUMBER
- control field: 130418
003 - CONTROL NUMBER IDENTIFIER
- control field: NUST
005 - DATE AND TIME OF LATEST TRANSACTION
- control field: 20250827122445.0
008 - FIXED-LENGTH DATA ELEMENTS
- fixed length control field: 250827|| aca||aabn | a|a d
040 ## - CATALOGING SOURCE
- Original cataloging agency: NUST
- Transcribing agency: NUST
100 ## - HEADING--PERSONAL NAME
- Personal name: Janjua, Osama Maqsood
670 ## - SOURCE DATA FOUND
- Source citation: Work cat.: (NUST): Janjua, Osama Maqsood , Hybrid AI-Driven Probabilistic Modeling of Window Operations and Thermal Comfort: A Multi-Variable Approach for Residential Environments /
